| 000 | 01229nam a2200349 i 4500 | ||
|---|---|---|---|
| 001 | |||
| 003 | DO-SdBNP | ||
| 005 | 20240510192658.0 | ||
| 006 | a||||gr|||| 00| 0 | ||
| 007 | ta | ||
| 008 | 201125t1997 dr a a|||| |||| 00| 0 spa d | ||
| 020 | _a9993482838 | ||
| 040 |
_aDO-SdBNP _bspa _cBNPHU _erda |
||
| 082 | 4 |
_a363.73 _bT325c _222 |
|
| 100 | 1 |
_aTerrero Galarza, Francisco José _977401 _eautor |
|
| 245 | 1 | 0 |
_aContaminación ambiental : _bapuntes químicos / _cFrancisco José Terrero Galarza. |
| 264 |
_aSanto Domingo : _bUniversitaria de la UASD, _c1997. |
||
| 300 |
_a51 páginas : _bIlustraciones ; _c21 cm. |
||
| 336 |
_2rdacontent _atexto _btxt |
||
| 337 |
_2rdamedia _asin mediación _bn |
||
| 338 |
_2rdacarrier _avolumen _bnc |
||
| 490 |
_aAmbiente y Sociedad ; _vNo. 4 |
||
| 500 | _aIncluye datos biográficos del autor en la contracubierta. | ||
| 504 | _aBibliografía: página 52 | ||
| 590 | _aInventariado, 2024 / MF | ||
| 650 | 4 |
_aContaminación _910807 |
|
| 650 | 0 |
_aMedio ambiente _99250 |
|
| 650 | 4 |
_aCalidad ambiental _983144 |
|
| 830 | 0 |
_aPublicaciones de la Universidad Autónoma de Santo Domingo ; _977402 _nv. 798 |
|
| 910 | _aLopérez.Validado. Control de calidad. MAA | ||
| 942 |
_2ddc _cLBS1 |
||
| 999 |
_c49200 _d49200 |
||